Statistiques concernant Quiz suites logiques de mots

Cliquez ici pour prendre le quiz!

Statistiques générales

  • Ce quiz a été pris 464 fois
  • Le résultat moyen est 9 sur 20

Statistiques - réponses

HintRéponse% Correct
toucher, gout, odorat, ouie, ...?vue
89%
pique, carreau, trèfle, ...?coeur
87%
milieu, gardien, défenseur, ...?attaquant
86%
triangle, carré, pentagone, ...?hexagone
79%
chatain, brun, blond, chauve, ...?roux
79%
naissance, enfance, age adulte, vieillesse, ...?mort
73%
préhistoire,...?, moyen-âge, temps modernesantiquité
67%
peur, colère, honte, joie, ...?tristesse
50%
Dublin, Belfast, Cardiff, Londres, ...?edimbourg
45%
himmler, goering, goebbels, ...?hitler
43%
marc, luc, matthieu, ...?jean
35%
france, allemagne, liechtenstein, autriche, ...?italie
33%
anthony, antoine, antonio, ...?antonin
29%
maladie, famine, conquête, ...?guerre
29%
mammifères, reptiles, invertebrés, insectes, ...?oiseaux
24%
cul-de-jatte, homme-tronc, unijambiste, ...?manchot
22%
index, pouce, majeur, annulaire, ...?petit doigt
16%
économie, droit, science politique, ...?histoire
14%
thé chai, lait végétal, sucre, eau, cannelle, ...?vanille
5%
Graveson, Peillonex, Place Favre, ...?Grange-Falquet
1%

Distribution des résultats

Percentile par nombre de réponses

% des personnes avec chaque résultat

Votre développement - résultats

Vous n’avez pas pris ce quiz